People on Coins by Country - Statistics

General Stats
  • This quiz has been taken 17 times
  • The average score is 36 of 69
Answer Stats
Person Country % Correct
King Charles III United Kingdom
100%
Franklin D. Roosevelt United States
100%
Queen Elizabeth II Australia
94%
Cindy Klassen Canada
88%
Napoleon Bonaparte France
88%
Beatrix Netherlands
88%
Queen Elizabeth II New Zealand
88%
Harald V Norway
88%
Nikola Tesla Serbia
81%
Leopold I Belgium
75%
Jose Paranhos, Baron of Rio Branco Brazil
75%
Margrethe II Denmark
75%
Aristotle Greece
75%
Saint George Russia
75%
Simon Bolivar Colombia
69%
Octavio Paz Mexico
69%
Manuel L. Quezon Philippines
69%
Constantin Brancoveanu Romania
69%
Yi Sun-sin South Korea
69%
Guillermo Brown Argentina
63%
Ferenc Deak Hungary
63%
William IV India
63%
Mzee Jomo Kenyatta Kenya
63%
Chiang Kai-shek Taiwan
63%
Vajiralongkorn Thailand
63%
Queen Elizabeth II Belize
56%
Che Guevara Cuba
56%
I Gusti Ketut Pudja Indonesia
56%
Norman Washington Manley Jamaica
56%
Rainier III Monaco
56%
Muhammad Ali Jinnah Pakistan
56%
Yaroslav I Ukraine
56%
Raul Silva Hernandez Chile
50%
Wenceslaus I Czech Republic
50%
Juan Montalvo Ecuador
50%
Concepcion Ramirez Guatemala
50%
Lempira Honduras
50%
Franz Joseph II Liechtenstein
50%
Mohammed VI Morocco
50%
Queen Elizabeth II The Bahamas
50%
Gentius Albania
44%
Sheikh Mujibur Rahman Bangladesh
44%
Paisius of Hilendar Bulgaria
44%
Zeno of Citium Cyprus
44%
Queen Elizabeth II Fiji
44%
Kurt Schumacher Germany
44%
Toussaint Louverture Haiti
44%
Abdullah II Jordan
44%
Herbert Macauley Nigeria
44%
Vasco Nunez de Balboa Panama
44%
Bernardino Caballero Paraguay
44%
Hassanal Bolkiah Brunei
38%
Ramon Matias Mella Dominican Republic
38%
Damdin Sukhbaatar Mongolia
38%
King Tupou VI Tonga
38%
King Moshoeshoe I Lesotho
31%
Salia Koroma Sierra Leone
31%
Queen Elizabeth II Solomon Islands
31%
Sadriddin Ayni Tajikistan
31%
Beatrix of the Netherlands Aruba
19%
Queen Elizabeth II Bermuda
19%
Queen Elizabeth II Cayman Islands
13%
James Cook Cook Islands
13%
Queen Elizabeth II Falkland Islands
13%
Queen Elizabeth II Guernsey
13%
Queen Elizabeth II Isle of Man
13%
Queen Elizabeth II Jersey
13%
Charles Vyner Brooke Sarawak
0%
Catherine II Transnistria
0%
No matching quizzes found
Score Distribution
Percent of People with Each Score
Percentile by Number Answered
Your Score History
You have not taken this quiz